Τα "Νισυριακά χρονικά" και η εποχή τους
Saved in:
| Corporate Author: | |
|---|---|
| Format: | Book |
| Language: | Greek |
| Published: |
ΑΘήνα :
Εταιρεία Νυσιριακών Μελετών,
1996
|
| Subjects: | |
| Tags: |
Add Tag
No Tags, Be the first to tag this record!
|
MARC
| LEADER | 00000cam a2200000 i 4500 | ||
|---|---|---|---|
| 001 | 1/60457 | ||
| 008 | 071026s1996 gre d | ||
| 035 | |l 10091840 | ||
| 040 | |a GR-MY-UA |b gre |e aacr | ||
| 041 | 0 | |a gre | |
| 082 | 0 | |a 398.0949587 |2 (22) | |
| 110 | 2 | |a Εταιρεία Νισυριακών Μελετών. | |
| 245 | 1 | 3 | |a Τα "Νισυριακά χρονικά" και η εποχή τους / |c Εταιρεία Νισυριακών Μελετών |
| 260 | |a ΑΘήνα : |b Εταιρεία Νυσιριακών Μελετών, |c 1996 | ||
| 300 | |a 303 σ.; |b εικ.; |c 24 εκ. | ||
| 500 | |a Επανέκδοση των έντεκα πρώτων τευχών των νισυριακών χρονικών που εξέδιδε ο σύλλογος "Γνωμαγόρας" | ||
| 650 | 0 | 0 | |a Folklore |z Greece |z Nisyros |x Periodicals. |
| 651 | 0 | |a Nisyros (Greece) |x Social life and customs. | |
| 852 | |a INST |b LESVOS |e 20071026 |h 398.0939587 ETA |p 005100037589 |q 005100037589 |t BK |y 0 | ||
| 901 | |a BIBL1-2007-3 | ||
| 909 | |a Λ |b 088144 | ||
| 970 | |a ΧΑΤΖΗΜΙΧΑΗΛ |b ΜΑΡΙΑ |z 2007/10/26 | ||